[Event "AUT-ch"]
[Site "Frohnleiten"]
[Date "2000.??.??"]
[Round "6.23"]
[White "Kleissl, Helmut"]
[Black "Zuser, Franz"]
[Result "1-0"]
[WhiteElo "2277"]
[BlackElo "2167"]
[PlyCount "93"]
[EventDate "2000.08.05"]
[EventType "swiss"]
[EventRounds "9"]
[EventCountry "AUT"]
[SourceTitle "CBM 077 Extra"]
[Source "ChessBase"]
[SourceDate "2000.09.14"]
[SourceVersion "1"]
[SourceVersionDate "2000.09.14"]
[SourceQuality "1"]

1. c4 c5 2. Nf3 Nf6 3. d4 cxd4 4. Nxd4 Nc6 5. Nc3 g6 6. g3 Bg7 7. Bg2 0-0 8. 0-0 Nxd4 9. Qxd4 d6 10. Qd2 Rb8 11. b3 a6 12. Bb2 Be6 13. e4 Qa5 14. Rfd1 Rfc8 15. h3 Qh5 16. Ne2 g5 17. g4 Qh4 18. Nd4 Qh6 19. Nxe6 fxe6 20. e5 Ne8 21. Re1 Rd8 22. Qe2 d5 23. Rad1 Nc7 24. Qe3 Qg6 25. Bc1 h6 26. Qb6 Na8 27. Qa5 Rf8 28. cxd5 exd5 29. Qxd5+ e6 30. Qe4 Qf7 31. Be3 Nc7 32. Bf1 Nd5 33. Bd3 Rfc8 34. Rc1 Qe7 35. Qh7+ Kf8 36. Bc4 Rc6 37. Bxd5 exd5 38. Rxc6 bxc6 39. Rc1 Qxe5 40. Rxc6 d4 41. Bd2 a5 42. Ra6 Rb5 43. Ra8+ Ke7 44. Ra7+ Kf8 45. Ra8+ Ke7 46. Qg6 Qf6 47. Qe8+ 1-0

[Event "AUT-ch"]
[Site "Frohnleiten"]
[Date "2000.??.??"]
[Round "9.26"]
[White "Zuser, Franz"]
[Black "Steiner, Bruno"]
[Result "0-1"]
[WhiteElo "2167"]
[BlackElo "2236"]
[PlyCount "118"]
[EventDate "2000.08.05"]
[EventType "swiss"]
[EventRounds "9"]
[EventCountry "AUT"]
[SourceTitle "CBM 077 Extra"]
[Source "ChessBase"]
[SourceDate "2000.09.14"]
[SourceVersion "1"]
[SourceVersionDate "2000.09.14"]
[SourceQuality "1"]

1. e4 c5 2. Nf3 e6 3. Nc3 Nc6 4. Bb5 Nge7 5. 0-0 a6 6. Be2 b5 7. Re1 Bb7 8. Bf1 d5 9. exd5 Nxd5 10. Ne4 Be7 11. d4 cxd4 12. Nxd4 0-0 13. c3 Qc7 14. Nf3 h6 15. a4 Rfd8 16. Qc2 b4 17. c4 Na5 18. b3 Nc3 19. Nfd2 Nc6 20. Nf3 e5 21. Bb2 Nd4 22. Nxd4 Bxe4 23. Rxe4 Nxe4 24. Ne6 fxe6 25. Qxe4 Bc5 26. Bxe5 Bd6 27. Bd4 Bxh2+ 28. Kh1 Qf4 29. Qxe6+ Kh8 30. Bc5 Qe5 31. Qxe5 Bxe5 32. Rb1 a5 33. Bb6 Rd2 34. g3 Bd4 35. Bg2 Rf8 36. Bxd4 Rxd4 37. Rb2 Rd1+ 38. Kh2 Rc1 39. g4 Rc3 40. Bd5 Rf4 41. f3 Rd4 42. Re2 Rxb3 43. Re8+ Kh7 44. Ra8 g5 45. Ra7+ Kh8 46. Ra8+ Kg7 47. Ra7+ Kf8 48. Ra8+ Ke7 49. Ra7+ Kd8 50. Ra8+ Kc7 51. Ra7+ Kb8 52. Ra8+ Kc7 53. Ra7+ Kb6 54. Rb7+ Ka6 55. Rh7 Rd2+ 56. Kg3 Rbb2 57. Rxh6+ Ka7 58. f4 Rb3+ 59. Bf3 Rdd3 0-1

[Event "Oberwart op"]
[Site "Oberwart"]
[Date "2000.??.??"]
[Round "8"]
[White "Zuser, Franz"]
[Black "Szieberth, Adam"]
[Result "0-1"]
[WhiteElo "2170"]
[BlackElo "2334"]
[PlyCount "116"]
[EventDate "2000.??.??"]
[EventType "swiss"]
[EventRounds "9"]
[EventCountry "AUT"]
[SourceTitle "EXT 2001"]
[Source "ChessBase"]
[SourceDate "2000.11.22"]
[SourceVersion "1"]
[SourceVersionDate "2000.11.22"]
[SourceQuality "1"]

1. e4 c5 2. Nc3 Nc6 3. g3 g6 4. Bg2 Bg7 5. d3 e6 6. f4 Nge7 7. Nf3 0-0 8. 0-0 Rb8 9. Be3 Nd4 10. Qd2 d6 11. Rae1 b5 12. Nd1 Bb7 13. Nh4 f5 14. c3 Ndc6 15. e5 Nd5 16. Bf2 Re8 17. Ne3 dxe5 18. Nxd5 exd5 19. fxe5 d4 20. cxd4 Nxd4 21. Bxb7 Rxb7 22. Be3 Rxe5 23. Bg5 Qd5 24. Rxe5 Bxe5 25. Qg2 Rd7 26. Re1 Ne6 27. Bh6 Bd4+ 28. Kf1 Kf7 29. Qxd5 Rxd5 30. Bc1 g5 31. Nf3 Bf6 32. Rd1 c4 33. Ke2 g4 34. Ne1 Bg5 35. Bxg5 Nxg5 36. Rc1 Nf3 37. Nxf3 gxf3+ 38. Kxf3 Rxd3+ 39. Kf4 Rd2 40. b3 Rxa2 41. bxc4 Ra4 42. Rd1 Rxc4+ 43. Kxf5 Rc5+ 44. Ke4 Rc7 45. Rd6 b4 46. Rd5 Rb7 47. Kd3 b3 48. Rf5+ Ke6 49. Rf1 b2 50. Rb1 a5 51. Kc2 Kf5 52. Rf1+ Kg5 53. Kb1 a4 54. h4+ Kg6 55. Rf3 h5 56. Rc3 Rb5 57. Rc4 a3 58. Ra4 Rb3 0-1

[Event "Oberwart op"]
[Site "Oberwart"]
[Date "1999.??.??"]
[Round "4"]
[White "Wittmann, Walter"]
[Black "Zuser, Franz"]
[Result "1-0"]
[WhiteElo "2364"]
[BlackElo "2159"]
[PlyCount "85"]
[EventDate "1999.07.??"]
[EventType "swiss"]
[EventRounds "9"]
[EventCountry "AUT"]
[SourceTitle "EXT 2000"]
[Source "ChessBase"]
[SourceDate "1999.11.16"]
[SourceVersion "1"]
[SourceVersionDate "1999.11.16"]
[SourceQuality "1"]

1. e4 c5 2. Nf3 Nc6 3. d4 cxd4 4. Nxd4 g6 5. Nc3 Bg7 6. Be3 d6 7. Qd2 Nf6 8. f3 Bd7 9. g4 0-0 10. h4 h5 11. g5 Ne8 12. 0-0-0 Rc8 13. Kb1 Nc7 14. f4 a6 15. Rh2 Bg4 16. Re1 Nxd4 17. Bxd4 Bxd4 18. Qxd4 Ne6 19. Qd2 Rxc3 20. Qxc3 Nxf4 21. Rd2 Qb6 22. e5 Rc8 23. Qe3 Qxe3 24. Rxe3 dxe5 25. Rxe5 Kf8 26. Re4 Ne6 27. Rc4 Rxc4 28. Bxc4 Nf4 29. Rd8+ Kg7 30. Bd5 Nxd5 31. Rxd5 f5 32. Re5 Kf7 33. Kc1 Ke8 34. Kd2 Kd7 35. Ke3 Kd6 36. Kf4 Bd1 37. c4 e6 38. b4 Ba4 39. Re2 Bc6 40. Rd2+ Ke7 41. Ke5 Bd7 42. Rd6 f4 43. Rd3 1-0